Yellowjackets Teen Characters by the Picture - Statistics

General Stats
  • This quiz has been taken 35 times
  • The average score is 14 of 15
Answer Stats
Picture Answer % Correct
jackie
100%
javi
100%
lottie
100%
misty
100%
travis
100%
ben
95%
shauna
95%
taissa
95%
van
95%
laura lee
89%
mari
89%
natalie
89%
melissa
84%
akilah
79%
gen
74%
No matching quizzes found
Score Distribution
Percent of People with Each Score
Percentile by Number Answered
Your Score History
You have not taken this quiz